| 000 | 00536nam a2200157 4500 | ||
|---|---|---|---|
| 999 |
_c80453 _d80453 |
||
| 008 | 201207b ||||| |||| 00| 0 eng d | ||
| 040 |
_bger _cSTAFF _erda |
||
| 041 | _ager | ||
| 100 | _aLambrecht, Rainer: | ||
| 245 |
_aInfrastruktur für Zeppeline - der Luftschiffhafen Potsdam/ _cRainer Lambrecht |
||
| 773 |
_dBerlin: Die Mark Brandenburg - Verlag für Regional- und Zeitgeschichte _g(2020) Heft 116, S. 26-29: zahlr. Abb. _tDie Mark Brandenburg |
||
| 942 | _cA | ||